World's poorest countries by GDP - Statistics

General Stats
  • This quiz has been taken 53 times
  • The average score is 31 of 40
Answer Stats
GPD/captia Countries % Correct
$891 Burundi
92%
$1,127 Central African Republic
92%
$2,656 Mali
92%
$516 South Sudan
92%
$1,556 Mozambique
89%
$2,459 Afghanistan
86%
$1,787 Chad
86%
$2,804 Gambia
86%
$3,218 Guinea
86%
$3,090 Rwanda
86%
$4,471 Sudan
86%
$1,916 Madagascar
84%
$1,682 Malawi
84%
$1,600 Niger
84%
$4,515 Senegal
84%
$2,082 Sierra Leone
84%
$1,374 Somalia
84%
$2,754 Togo
84%
$2,188 Eritrea
81%
$3,724 Ethiopia
81%
$3,251 Lesotho
81%
$3,224 Uganda
81%
$2,042 Yemen
81%
$4,300 Benin
78%
$3,072 Guinea-Bissau
78%
$1,788 Liberia
78%
$2,794 Syria
78%
$3,600 Tanzania
78%
$4,041 Zambia
78%
$2,726 Burkina Faso
76%
$2,627 Zimbabwe
76%
$3,463 Comoros
70%
$3,248 Haiti
65%
$1,474 Democratic Republic of the Congo
62%
$1,588 North Korea
62%
$2,381 Kiribati
54%
$2,414 Solomon Islands
49%
$3,637 East Timor
46%
$3,001 Vanuatu
43%
$3,931 Federated States of Micronesia
27%
No matching quizzes found
Score Distribution
Percent of People with Each Score
Percentile by Number Answered
Your Score History
You have not taken this quiz